000
00306nam a2200121Ia 4500
008
190723s9999 xx 000 0 und d
020
_a
978-81-219-2783-3
100
_a
Dr. R.S Sedha
245
2
_a
A Textbook of Applied Electronics
260
_a
New Delhi
_b
S.Chand
_c
2017
300
_a
1177.:p
942
_c
BK
999
_c
1773
_d
1773